Statistics for Country by Highest Infant Mortality Rate

Click here to take the quiz!

General Stats

  • This quiz has been taken 227 times
  • The average score is 18 of 25

Answer Stats

HintAnswer% Correct
2109.98Niger
91%
1674.36Nigeria
88%
4103.72Somalia
87%
793.61Chad
86%
1475.29Ethiopia
84%
3109.08Mali
84%
1376.63Democratic Republic of the Congo
83%
1774.22Republic of the Congo
83%
597.17Central African Republic
79%
1176.85Mozambique
76%
1872.71Liberia
74%
1971.83South Sudan
74%
883.53Angola
72%
2562.51Rwanda
72%
979.84Burkina Faso
71%
1276.64Sierra Leone
71%
2265.74Tanzania
71%
2364.61Zambia
71%
694.4Guinea-Bissau
68%
1079.02Malawi
68%
2463.2Cote d'Ivoire
66%
1121.63Afghanistan
64%
2069.58Gambia
64%
1575.18Equatorial Guinea
53%
2168.97Comoros
43%

Score Distribution

Percentile by Number Answered

Percent of People with Each Score

Your Score History

You have not taken this quiz